000 00751nam a2200205 a 4500
001 000008753
005 20240228142234.0
008 090918s1992 dr 000 s spa d
040 _aDO-SdBNP
_bspa
_cBNPHU
082 _aH865.1
_bM433d
100 1 _aMatos Moquete, Manuel,
_d1944-
_96349
245 1 3 _aEl discurso teórico en literatura en América hispánica /
_cManuel Matos Moquete.
260 _aSanto Domingo :
_bUniversidad Nacional Pedro Henríquez Ureña,
_c1992.
300 _av. 2.
504 _aBibliografía : p. 300-312
586 _aPremio Pedro Henríquez Ureña de Ensayo 1991
650 4 _aFilosofía de la literatura
_915424
650 4 _aLiteratura hispanoamericana
_xHistoria y crítica
_96273
650 4 _aCrítica literaria
_93141
999 _c8522
_d8522